|
|
|
|
| LEADER |
01612nam a2200409 i 4500 |
| 001 |
EBC6187304 |
| 003 |
MiAaPQ |
| 005 |
20200819092354.0 |
| 006 |
m o d | |
| 007 |
cr cnu|||||||| |
| 008 |
200819s2020 ctu o 000 0 eng d |
| 020 |
|
|
|z 9780300236828
|
| 020 |
|
|
|a 9780300252620 (e-book)
|
| 035 |
|
|
|a (MiAaPQ)EBC6187304
|
| 035 |
|
|
|a (Au-PeEL)EBL6187304
|
| 035 |
|
|
|a (OCoLC)1153774180
|
| 040 |
|
|
|a MiAaPQ
|b eng
|e rda
|e pn
|c MiAaPQ
|d MiAaPQ
|
| 043 |
|
|
|a n-us---
|
| 050 |
|
4 |
|a E156
|b .A45 2020
|
| 082 |
0 |
|
|a 973
|2 23
|
| 100 |
1 |
|
|a Allosso, Dan,
|e author.
|
| 245 |
1 |
0 |
|a Peppermint kings :
|b a rural american history /
|c Dan Allosso.
|
| 264 |
|
1 |
|a New Haven ;
|a London :
|b Yale University Press,
|c [2020]
|
| 264 |
|
4 |
|c 2020
|
| 300 |
|
|
|a 1 online resource (295 pages).
|
| 336 |
|
|
|a text
|b txt
|2 rdacontent
|
| 337 |
|
|
|a computer
|b c
|2 rdamedia
|
| 338 |
|
|
|a online resource
|b cr
|2 rdacarrier
|
| 490 |
1 |
|
|a Yale agrarian studies series
|
| 588 |
|
|
|a Description based on print version record.
|
| 590 |
|
|
|a Electronic reproduction. Ann Arbor, MI : ProQuest, 2018. Available via World Wide Web. Access may be limited to ProQuest affiliated libraries.
|
| 651 |
|
0 |
|a United States.
|
| 655 |
|
4 |
|a Electronic books.
|
| 776 |
0 |
8 |
|i Print version:
|a Allosso, Dan.
|t Peppermint kings : a rural american history.
|d New Haven ; London : Yale University Press, c2020
|h 295 pages
|k Yale agrarian studies.
|z 9780300236828
|w (DLC) 2019952507
|
| 797 |
2 |
|
|a ProQuest (Firm)
|
| 830 |
|
0 |
|a Yale agrarian studies.
|
| 856 |
4 |
0 |
|u https://ebookcentral.proquest.com/lib/matrademy/detail.action?docID=6187304
|z Click to View
|